|
|
|
|
| LEADER |
00000cas a2200000 a 4500 |
| 001 |
vtls012066518 |
| 003 |
SK-MaSNL |
| 005 |
20260228162032.0 |
| 008 |
210824c20129999xo ar 0 b0slo |
| 040 |
|
|
|a SNK
|b slo
|c SNK
|e AACR2
|
| 041 |
0 |
|
|a slo
|
| 044 |
|
|
|a xo
|c SK
|
| 072 |
|
7 |
|a 316.7
|x Sociológia kultúry. Kultúrny život
|2 konspekt
|
| 072 |
|
7 |
|a 659
|x Reklama. Public relations. Médiá
|2 konspekt
|
| 080 |
|
|
|a 316.774
|2 2011
|
| 080 |
|
|
|a 659.443/.446
|2 2011
|
| 080 |
|
|
|a 050
|2 2001
|
| 080 |
|
|
|a (058)
|2 2011
|
| 080 |
|
|
|a (051)-048.55
|2 2011
|
| 245 |
0 |
0 |
|a Mediálne agentúry a médiá ...
|
| 246 |
1 |
3 |
|a Mediálne agentúry ...
|
| 260 |
|
|
|a Bratislava
|b MAFRA Slovakia
|c 2012-
|
| 300 |
|
|
|a zv.
|c 30 cm
|
| 310 |
|
|
|a 1x ročne
|
| 362 |
0 |
|
|a 2012-
|
| 500 |
|
|
|a Súčasťou názvu je označenie kalendárneho roku
|
| 500 |
|
|
|a Názov z obalu
|
| 500 |
|
|
|a Podnázov na obale: špecializovaná príloha mesačníka Stratégie
|
| 525 |
|
|
|a Je samostatnou prílohou časopisu: Stratégie
|
| 650 |
0 |
7 |
|a médiá
|2 SNKPH
|9 1424
|
| 655 |
|
7 |
|a ročenky
|2 SNKPH
|9 57146
|
| 655 |
|
7 |
|a špecializované časopisy
|2 SNKPH
|9 70509
|
| 772 |
0 |
|
|t Stratégie (Tlačené vydanie)
|x 1335-2016
|w vtls001467591
|
| 910 |
|
|
|a snk
|
| 999 |
|
|
|c 6592
|d 8522
|
| 952 |
|
|
|0 0
|1 0
|4 0
|7 0
|8 0
|a SNK
|b SNK
|d 2021-08-24
|i snk2021/10921
|l 0
|o snkČSB 7688/2012
|p 17A1434662
|r 2026-02-21 21:29:12
|w 2026-02-21
|y PREZ
|
| 952 |
|
|
|0 0
|1 0
|4 0
|7 0
|8 0
|a SNK
|b SNK
|d 2021-08-25
|i snk2021/10948
|l 0
|o snkČSB 7688/2013
|p 17A1434649
|r 2026-02-21 21:29:12
|w 2026-02-21
|y PREZ
|
| 952 |
|
|
|0 0
|1 0
|4 0
|7 0
|8 0
|a SNK
|b SNK
|d 2021-08-25
|i snk2021/10949
|l 0
|o snkČSB 7688/2014
|p 17A1434650
|r 2026-02-21 21:29:12
|w 2026-02-21
|y PREZ
|
| 952 |
|
|
|0 0
|1 0
|4 0
|7 0
|8 0
|a SNK
|b SNK
|d 2021-08-25
|i snk2021/10950
|l 0
|o snkČSB 7688/2014-2015
|p 17A1434651
|r 2026-02-21 21:29:12
|w 2026-02-21
|y PREZ
|
| 952 |
|
|
|0 0
|1 0
|4 0
|7 0
|8 0
|a SNK
|b SNK
|d 2021-08-25
|i snk2021/10951
|l 0
|o snkČSB 7688/2015-2016
|p 17A1434652
|r 2026-02-21 21:29:12
|w 2026-02-21
|y PREZ
|
| 952 |
|
|
|0 0
|1 0
|4 0
|7 0
|8 0
|a SNK
|b SNK
|d 2021-08-25
|i snk2021/10952
|l 0
|o snkČSB 7688/2016-2017
|p 17A1434653
|r 2026-02-21 21:29:12
|w 2026-02-21
|y PREZ
|
| 952 |
|
|
|0 0
|1 0
|4 0
|7 0
|8 0
|a SNK
|b SNK
|d 2021-08-25
|i snk2021/10953
|l 0
|o snkČSB 7688/2017-2018
|p 17A1434654
|r 2026-02-21 21:29:12
|w 2026-02-21
|y PREZ
|
| 952 |
|
|
|0 0
|1 0
|4 0
|7 0
|8 0
|a SNK
|b SNK
|d 2021-08-25
|i snk2021/10954
|l 0
|o snkČSB 7688/2018
|p 17A1434655
|r 2026-02-21 21:29:12
|w 2026-02-21
|y PREZ
|
| 952 |
|
|
|0 0
|1 0
|4 0
|7 0
|8 0
|a SNK
|b SNK
|d 2021-08-25
|i snk2021/10955
|l 0
|o snkČSB 7688/2016-2017 D1
|p 17A1434656
|r 2026-02-21 21:29:12
|w 2026-02-21
|y PREZ
|
| 952 |
|
|
|0 0
|1 0
|4 0
|7 0
|8 0
|a SNK
|b SNK
|d 2021-08-25
|i snk2021/10956
|l 0
|o snkČSB 7688/2017-2018 D1
|p 17A1434657
|r 2026-02-21 21:29:12
|w 2026-02-21
|y PREZ
|
| 952 |
|
|
|0 0
|1 0
|4 0
|7 0
|8 0
|a SNK
|b SNK
|d 2021-08-25
|i snk2021/10957
|l 0
|o snkČSB 7688/2018 D1
|p 17A1434658
|r 2026-02-21 21:29:12
|w 2026-02-21
|y PREZ
|
| 952 |
|
|
|0 0
|1 0
|4 0
|7 0
|8 0
|a SNK
|b SNK
|d 2024-11-19
|i snk2024/17469
|l 0
|o snkČSB 7688/2021
|p 17A1524855
|r 2026-02-21 21:29:16
|w 2026-02-21
|y PREZ
|z Máj 2021
|
| 952 |
|
|
|0 0
|1 0
|4 0
|7 0
|8 0
|a SNK
|b SNK
|d 2024-11-19
|i snk2024/17470
|l 0
|o snkČSB 7688/2022
|p 17A1524856
|r 2026-02-21 21:29:20
|w 2026-02-21
|y PREZ
|z Máj 2022
|
| 952 |
|
|
|0 0
|1 0
|4 0
|7 0
|8 0
|a SNK
|b SNK
|d 2024-11-19
|i snk2024/17471
|l 0
|o snkČSB 7688/2023
|p 17A1524857
|r 2026-02-21 21:29:21
|w 2026-02-21
|y PREZ
|z Máj 2023
|